[Event "Quebec-ch qual. 2"]
[Site "Montreal CAN"]
[Date "2007.05.20"]
[Round "5"]
[White "Morissette, Jean-Sebastien"]
[Black "Cote, Philippe"]
[Result "1-0"]
[WhiteElo "1979"]
[BlackElo "1594"]
[PlyCount "83"]
[GameId "2160767910676235"]
[EventDate "2007.05.18"]
[EventType "swiss"]
[EventRounds "5"]
[EventCountry "CAN"]
[SourceTitle "EXT 2022"]
[Source "ChessBase"]
[SourceDate "2021.10.06"]
[SourceVersion "1"]
[SourceVersionDate "2021.10.06"]
[SourceQuality "1"]

1. d4 Nf6 2. Bg5 Ne4 3. h4 Nxg5 4. hxg5 g6 5. e3 Bg7 6. c3 c5 7. dxc5 Nc6 8. Nd2 a5 9. Ngf3 a4 10. a3 Qa5 11. Ne4 b6 12. Qd5 O-O 13. O-O-O Rb8 14. Nd4 Ne5 15. Bb5 bxc5 16. Qxc5 Bb7 17. Rh4 Rfc8 18. Qb4 Qa8 19. f3 Bxe4 20. Rxe4 Rc4 21. Qxe7 Re8 22. Qxe8+ Qxe8 23. Bxc4 Qd8 24. Nb5 Nxc4 25. Rxc4 Qxg5 26. Nd6 Qxe3+ 27. Kb1 Qe2 28. Rc8+ Bf8 29. Rd4 Qe1+ 30. Kc2 Qf2+ 31. Rd2 Qb6 32. Ne4 Qb3+ 33. Kc1 Kg7 34. Rxd7 Bxa3 35. bxa3 Qxa3+ 36. Kd2 Qb2+ 37. Ke3 a3 38. Rcc7 Qc1+ 39. Ke2 Qc2+ 40. Ke3 Qc1+ 41. Kd4 Qg1+ 42. Kd5 1-0

[Event "Quebec-ch qual. 2"]
[Site "Montreal CAN"]
[Date "2007.05.20"]
[Round "5"]
[White "Noriega, Harold"]
[Black "Pregent, Daniel"]
[Result "1-0"]
[WhiteElo "1740"]
[BlackElo "1814"]
[PlyCount "87"]
[GameId "2160767910676236"]
[EventDate "2007.05.18"]
[EventType "swiss"]
[EventRounds "5"]
[EventCountry "CAN"]
[SourceTitle "EXT 2022"]
[Source "ChessBase"]
[SourceDate "2021.10.06"]
[SourceVersion "1"]
[SourceVersionDate "2021.10.06"]
[SourceQuality "1"]

1. e4 c6 2. d4 d5 3. Nc3 dxe4 4. Nxe4 Bf5 5. Ng3 Bg6 6. h4 h6 7. Nf3 Nd7 8. Bd3 Bxd3 9. Qxd3 Ngf6 10. Be3 Qc7 11. O-O-O e6 12. Kb1 O-O-O 13. Qb3 Bd6 14. Ne2 Kb8 15. c4 c5 16. Nc3 a6 17. Na4 Ng4 18. d5 Nxe3 19. Qxe3 exd5 20. Rxd5 Rhe8 21. Qc1 Nf6 22. Rd3 Bf4 23. Rxd8+ Rxd8 24. Qc2 Qc6 25. Re1 Qc7 26. Qf5 Bd6 27. Nc3 Qd7 28. Qxd7 Nxd7 29. Nd5 f6 30. Re6 Ne5 31. Nxe5 Bxe5 32. h5 Bd4 33. f3 f5 34. Kc2 Rf8 35. Nf4 Rf6 36. Re7 Ka7 37. b3 a5 38. Rxg7 a4 39. Rg6 axb3+ 40. axb3 Ra6 41. Rxa6+ Kxa6 42. Ne6 Be3 43. Ng7 f4 44. Nf5 1-0

[Event "Quebec-ch qual. 2"]
[Site "Montreal CAN"]
[Date "2007.05.20"]
[Round "5"]
[White "Robichaud, Louis"]
[Black "Girouard, Michel"]
[Result "1/2-1/2"]
[WhiteElo "2157"]
[BlackElo "1899"]
[PlyCount "90"]
[GameId "2160767910676237"]
[EventDate "2007.05.18"]
[EventType "swiss"]
[EventRounds "5"]
[EventCountry "CAN"]
[SourceTitle "EXT 2022"]
[Source "ChessBase"]
[SourceDate "2021.10.06"]
[SourceVersion "1"]
[SourceVersionDate "2021.10.06"]
[SourceQuality "1"]

1. e4 g6 2. d4 Bg7 3. f4 c6 4. Nf3 d5 5. e5 Bg4 6. h3 Bxf3 7. Qxf3 e6 8. Bd3 Qb6 9. c3 c5 10. dxc5 Qxc5 11. Be3 Qc7 12. Na3 a6 13. c4 Ne7 14. Rc1 Nbc6 15. cxd5 exd5 16. O-O O-O 17. Nc2 Qd7 18. Rcd1 b5 19. Rd2 f6 20. e6 Qxe6 21. f5 Qf7 22. Qf4 g5 23. Qf2 Rfd8 24. b3 Bf8 25. Bd4 Nc8 26. Kh1 Bd6 27. Re2 Be5 28. Rd2 N8e7 29. Be2 Bxd4 30. Nxd4 Nxd4 31. Qxd4 Rd6 32. g4 Rad8 33. Qa7 R8d7 34. Qa8+ Qf8 35. Qxf8+ Kxf8 36. Ra1 d4 37. Bf3 a5 38. Kg2 Nc6 39. Bxc6 Rxc6 40. Rad1 Rc3 41. Rd3 b4 42. Kf2 Rdc7 43. Kg2 Rc2+ 44. R1d2 R7c3 45. Rxd4 Rxd2+ 1/2-1/2

[Event "Quebec-ch qual. Quebec"]
[Site "Quebec CAN"]
[Date "2007.05.04"]
[Round "1"]
[White "Monga, Alain"]
[Black "Audet-Bouchard, Nicolas"]
[Result "0-1"]
[WhiteElo "1770"]
[BlackElo "2262"]
[PlyCount "94"]
[GameId "2160767910684683"]
[EventDate "2007.05.04"]
[EventType "swiss"]
[EventRounds "5"]
[EventCountry "CAN"]

1. e4 c5 2. Nf3 Nc6 3. d4 cxd4 4. Nxd4 Nf6 5. Nc3 d6 6. Bg5 e6 7. f4 Be7 8. Nxc6 bxc6 9. e5 Nd5 10. Bxe7 Qxe7 11. Qd2 dxe5 12. O-O-O Nxf4 13. Ne4 O-O 14. Qc3 Rb8 15. Qxe5 Qb4 16. a3 Ng6 17. Qxg7+ Kxg7 18. axb4 Rxb4 19. Nc5 e5 20. c3 Rf4 21. g3 Rf6 22. Nd7 Bxd7 23. Rxd7 Rf2 24. Bc4 e4 25. Rf1 Ne5 26. Re7 Rxf1+ 27. Bxf1 Kf6 28. Rxa7 Re8 29. Ra4 Ng4 30. Bg2 Kf5 31. Bh3 h5 32. Ra5+ Kg6 33. Bxg4 hxg4 34. Kd2 f5 35. Rc5 Re6 36. Ke3 Kg5 37. b4 Rh6 38. Rc4 Rxh2 39. Rxc6 Rg2 40. b5 Rxg3+ 41. Kf2 Kf4 42. b6 e3+ 43. Kf1 Kf3 44. Re6 Rh3 45. Kg1 Rh8 46. b7 Rd8 47. c4 Rd1+ 0-1

[Event "Quebec-ch qual. Quebec"]
[Site "Quebec CAN"]
[Date "2007.05.05"]
[Round "2"]
[White "Audet-Bouchard, Nicolas"]
[Black "Gaspariants, Vladimir"]
[Result "1-0"]
[WhiteElo "2262"]
[BlackElo "2212"]
[PlyCount "51"]
[GameId "2160767910684684"]
[EventDate "2007.05.04"]
[EventType "swiss"]
[EventRounds "5"]
[EventCountry "CAN"]

1. e4 c5 2. Nf3 e6 3. d4 cxd4 4. Nxd4 Nc6 5. Nc3 d6 6. Be3 Nf6 7. f3 Be7 8. Qd2 a6 9. O-O-O Bd7 10. g4 h6 11. h4 b5 12. Rg1 Nxd4 13. Bxd4 b4 14. Ne2 e5 15. Be3 Qa5 16. Kb1 Be6 17. Nc1 h5 18. g5 Nd7 19. g6 O-O 20. gxf7+ Rxf7 21. Rg6 Nf6 22. Bd3 Qc7 23. Rdg1 Kh8 24. f4 Ng4 25. Rxe6 Nxe3 26. Qxe3 1-0

[Event "Quebec-ch qual. Quebec"]
[Site "Quebec CAN"]
[Date "2007.05.05"]
[Round "2"]
[White "Sauve, Richard"]
[Black "Cournoyer, Dominic"]
[Result "1-0"]
[WhiteElo "2000"]
[BlackElo "1820"]
[PlyCount "147"]
[GameId "2160767910684685"]
[EventDate "2007.05.04"]
[EventType "swiss"]
[EventRounds "5"]
[EventCountry "CAN"]

1. d4 f5 2. c4 Nf6 3. Nc3 e6 4. Nf3 Be7 5. g3 O-O 6. Bg2 d6 7. O-O Nbd7 8. Qc2 d5 9. Bf4 c6 10. cxd5 Nxd5 11. Nxd5 exd5 12. h4 Nf6 13. Bg5 Bd7 14. e3 Bd6 15. a3 Qc7 16. Bxf6 Rxf6 17. b4 a6 18. Rfc1 Be6 19. Ra2 Bf7 20. Rb2 Qe7 21. Ne1 Bxg3 22. fxg3 Qxe3+ 23. Kh2 f4 24. Qc3 fxg3+ 25. Kh1 Qh6 26. Nf3 Bh5 27. Ng5 Rf4 28. Qxg3 Rg4 29. Qh3 Rxd4 30. Rf1 Bg4 31. Qg3 Bd7 32. Rf4 Rxf4 33. Qxf4 Rf8 34. Qg3 Qf6 35. Rb1 Qf4 36. Kh2 h6 37. Qxf4 Rxf4 38. Nf3 Bf5 39. Re1 Kf8 40. Re5 Be4 41. Kg3 Rf6 42. Kf2 Kf7 43. h5 Bxf3 44. Bxf3 Rf4 45. Re1 Rc4 46. Re3 Rc1 47. Bg4 Ra1 48. Bc8 b6 49. Bxa6 c5 50. Bb7 d4 51. Bd5+ Kf8 52. Rf3+ Ke8 53. bxc5 bxc5 54. a4 Kd7 55. Bb3 Kd6 56. Ke2 c4 57. Bxc4 Rxa4 58. Bd3 Ra7 59. Bg6 Re7+ 60. Kd3 Re3+ 61. Rxe3 dxe3 62. Kxe3 Ke7 63. Kf4 Kf8 64. Bh7 Ke8 65. Kf5 Kf7 66. Ke5 Ke7 67. Kf5 Kf7 68. Bg6+ Kg8 69. Ke6 Kf8 70. Bf7 g5 71. hxg6 h5 72. Kf5 Kg7 73. Kg5 h4 74. Kxh4 1-0

[Event "Quebec-ch qual. Quebec"]
[Site "Quebec CAN"]
[Date "2007.05.06"]
[Round "4"]
[White "Audet-Bouchard, Nicolas"]
[Black "Cournoyer, Dominic"]
[Result "1-0"]
[WhiteElo "2262"]
[BlackElo "1800"]
[PlyCount "79"]
[GameId "2160767910684686"]
[EventDate "2007.05.04"]
[EventType "swiss"]
[EventRounds "5"]
[EventCountry "CAN"]

1. e4 d5 2. exd5 Nf6 3. d4 Nxd5 4. Nf3 g6 5. Be2 Bg7 6. O-O O-O 7. Re1 Bf5 8. Bg5 Re8 9. Bb5 Bd7 10. Bc4 Nf6 11. Ne5 Rf8 12. Nd2 Nc6 13. Ndf3 Nxe5 14. Nxe5 Qe8 15. Qf3 Rb8 16. c3 Bb5 17. Bb3 Ba4 18. Bxa4 Qxa4 19. b3 Qe8 20. Re2 c6 21. Nd3 h6 22. Bh4 g5 23. Bg3 Rc8 24. Be5 Qd8 25. h4 Qd5 26. Qxd5 cxd5 27. hxg5 hxg5 28. Nc5 Rfd8 29. Nxb7 Re8 30. Nc5 Ng4 31. Bxg7 Kxg7 32. f3 Nf6 33. Kf2 e6 34. Rh1 Rh8 35. Ree1 Nh5 36. g3 Nf6 37. b4 Ne8 38. Rxh8 Kxh8 39. Re5 g4 40. Rh5+ 1-0

[Event "Quebec-ch qual. Quebec"]
[Site "Quebec CAN"]
[Date "2007.05.06"]
[Round "4"]
[White "Gaspariants, Vladimir"]
[Black "Sauve, Richard"]
[Result "1-0"]
[WhiteElo "2212"]
[BlackElo "2000"]
[PlyCount "87"]
[GameId "2160767910684687"]
[EventDate "2007.05.04"]
[EventType "swiss"]
[EventRounds "5"]
[EventCountry "CAN"]

1. e4 e6 2. d4 d5 3. Nc3 Nf6 4. Bg5 Bb4 5. e5 h6 6. Bd2 Bxc3 7. bxc3 Ne4 8. Bd3 Nxd2 9. Qxd2 c5 10. Nf3 Qa5 11. c4 Qxd2+ 12. Kxd2 dxc4 13. Bxc4 cxd4 14. Nxd4 Bd7 15. f4 Nc6 16. Nb5 Ke7 17. Rhd1 Na5 18. Nd6 Nxc4+ 19. Nxc4 Bc6 20. g3 Rad8+ 21. Ke3 Rxd1 22. Rxd1 Rd8 23. Rxd8 Kxd8 24. Nd6 f6 25. exf6 gxf6 26. Nf7+ Ke7 27. Nxh6 f5 28. g4 fxg4 29. Nxg4 Bd5 30. a3 Kf7 31. Kd4 Ba2 32. Ke5 Ke7 33. Ne3 Kd7 34. h4 Ke7 35. Ng2 Bd5 36. Ne1 Kf7 37. f5 Ba2 38. f6 Bd5 39. Nd3 Bf3 40. Nf4 Bg4 41. h5 Bf5 42. c3 b5 43. h6 a6 44. Nxe6 1-0

[Event "Quebec-ch qual. Quebec"]
[Site "Quebec CAN"]
[Date "2007.05.06"]
[Round "5"]
[White "Cournoyer, Dominic"]
[Black "Vadnais, Michel"]
[Result "0-1"]
[WhiteElo "1820"]
[BlackElo "1665"]
[PlyCount "64"]
[GameId "2160767910684688"]
[EventDate "2007.05.04"]
[EventType "swiss"]
[EventRounds "5"]
[EventCountry "CAN"]

1. c4 e5 2. Nc3 Nf6 3. Nf3 Nc6 4. g3 d5 5. cxd5 Nxd5 6. Bg2 Nb6 7. d3 h6 8. O-O Be6 9. b3 Qd7 10. Re1 O-O-O 11. Bd2 g5 12. Be3 Bb4 13. Rc1 Bxc3 14. Rxc3 Nd5 15. Rc5 Nxe3 16. fxe3 e4 17. Ne5 Nxe5 18. Rxe5 exd3 19. exd3 Qxd3 20. Qf3 c6 21. Rc1 Bd5 22. Qg4+ Kb8 23. Bxd5 Rxd5 24. Re7 f5 25. Qb4 Rb5 26. Qa3 Rd8 27. Qb2 Qd2 28. Rc2 Qe1+ 29. Kg2 Rbd5 30. Re2 Rd2 31. Qe5+ Ka8 32. Qxf5 Qxe2+ 0-1

[Event "RA January Active"]
[Site "Ottawa CAN"]
[Date "2007.01.15"]
[Round "1"]
[White "Holmes, Mike"]
[Black "Pacey, Kevin"]
[Result "0-1"]
[WhiteElo "1760"]
[BlackElo "2137"]
[PlyCount "94"]
[GameId "2160767910735133"]
[EventDate "2007.01.15"]
[EventType "swiss (rapid)"]
[EventRounds "4"]
[EventCountry "CAN"]

1. d4 Nf6 2. Nf3 g6 3. g3 Bg7 4. Bg2 O-O 5. O-O d5 6. Nbd2 c6 7. c3 Bf5 8. Ne5 Nbd7 9. Ndf3 Be4 10. Nxd7 Nxd7 11. Bf4 b5 12. Qd2 a5 13. Rac1 Nb6 14. b3 a4 15. Bh6 axb3 16. axb3 Ra3 17. Bxg7 Kxg7 18. Qb2 Qd6 19. Ra1 Rfa8 20. Rxa3 Qxa3 21. Qxa3 Rxa3 22. Ne5 Bxg2 23. Kxg2 Rxb3 24. Nxc6 Rxc3 25. Na7 b4 26. Nb5 Rc2 27. Rb1 Rxe2 28. Rxb4 Nc4 29. Kf3 Rb2 30. Rxb2 Nxb2 31. Nc3 e6 32. Ke3 f6 33. f4 h6 34. g4 Nc4+ 35. Kf3 Nd6 36. h4 h5 37. g5 Nf5 38. gxf6+ Kxf6 39. Nb5 Nxh4+ 40. Kg3 Nf5+ 41. Kf3 g5 42. fxg5+ Kxg5 43. Kg2 Kg4 44. Kg1 Kf3 45. Kh2 Ke3 46. Kh3 Nxd4 47. Kh4 Nxb5 0-1

[Event "RA January Active"]
[Site "Ottawa CAN"]
[Date "2007.01.15"]
[Round "2"]
[White "Pacey, Kevin"]
[Black "Davies, Alex"]
[Result "1/2-1/2"]
[WhiteElo "2137"]
[BlackElo "1927"]
[PlyCount "99"]
[GameId "2160767910735134"]
[EventDate "2007.01.15"]
[EventType "swiss (rapid)"]
[EventRounds "4"]
[EventCountry "CAN"]

1. d4 g6 2. e4 d6 3. c4 c6 4. Nc3 Bg7 5. Nf3 e5 6. Be2 Nd7 7. O-O Ngf6 8. Bg5 h6 9. Bh4 O-O 10. d5 g5 11. Bg3 cxd5 12. cxd5 Nc5 13. Nd2 Nfxe4 14. Ndxe4 Nxe4 15. Nxe4 f5 16. Bd3 fxe4 17. Bxe4 Qb6 18. Qb3 Qxb3 19. axb3 Bd7 20. Rfc1 Rfc8 21. Kf1 Rxc1+ 22. Rxc1 Rc8 23. Rxc8+ Bxc8 24. f3 Kf7 25. Ke2 b6 26. Be1 g4 27. Bb4 Ke7 28. Bc3 gxf3+ 29. Kxf3 Kf6 30. Bd2 Bd7 31. g4 Be8 32. h4 Ke7 33. b4 Bf7 34. Kg3 Be8 35. h5 Kf6 36. Kh4 Bf8 37. g5+ hxg5+ 38. Bxg5+ Kg7 39. h6+ Kf7 40. Bf5 Kg8 41. h7+ Kh8 42. Bf6+ Bg7 43. Be7 e4 44. Bxe4 Bxb2 45. Bxd6 Kg7 46. Be7 a5 47. bxa5 bxa5 48. Bc2 a4 49. d6 a3 50. Bb1 1/2-1/2

[Event "RA January Active"]
[Site "Ottawa CAN"]
[Date "2007.01.15"]
[Round "3"]
[White "Pacey, Kevin"]
[Black "De Kerpel, Stijn"]
[Result "1/2-1/2"]
[WhiteElo "2137"]
[BlackElo "2083"]
[PlyCount "70"]
[GameId "2160767910735135"]
[EventDate "2007.01.15"]
[EventType "swiss (rapid)"]
[EventRounds "4"]
[EventCountry "CAN"]

1. d4 d5 2. c4 Nc6 3. Nf3 Bg4 4. cxd5 Bxf3 5. dxc6 Bxc6 6. Nc3 Nf6 7. Bg5 e6 8. e3 Be7 9. f3 h6 10. Bh4 Nd5 11. Bxe7 Nxc3 12. bxc3 Qxe7 13. Kf2 O-O 14. Rc1 Rad8 15. Qb3 e5 16. Bb5 exd4 17. cxd4 Bxb5 18. Qxb5 Rfe8 19. Rhe1 c6 20. Qc5 Qh4+ 21. Kg1 a6 22. Qb4 Rd7 23. g3 Qf6 24. Kf2 g5 25. g4 Qe6 26. Rc5 Qd6 27. Kg2 Qe6 28. Qc4 Qxc4 29. Rxc4 Rd5 30. a4 f5 31. gxf5 Rxf5 32. Rb4 Re7 33. e4 Rf4 34. h3 h5 35. Kg3 h4+ 1/2-1/2

[Event "RA January Active"]
[Site "Ottawa CAN"]
[Date "2007.01.15"]
[Round "4"]
[White "Raz, L."]
[Black "Pacey, Kevin"]
[Result "0-1"]
[WhiteElo "1900"]
[BlackElo "2137"]
[PlyCount "64"]
[GameId "2160767910735136"]
[EventDate "2007.01.15"]
[EventType "swiss (rapid)"]
[EventRounds "4"]
[EventCountry "CAN"]

1. d4 e6 2. e4 d5 3. e5 Bd7 4. c4 dxc4 5. Bxc4 Bc6 6. Nf3 Bxf3 7. Qxf3 Qxd4 8. Qe2 Nd7 9. f4 Bb4+ 10. Bd2 Bxd2+ 11. Nxd2 Qxf4 12. O-O-O Qxe5 13. Ne4 O-O-O 14. g3 Ngf6 15. Rhe1 Nxe4 16. Qxe4 Qxe4 17. Rxe4 Nf6 18. Red4 Rxd4 19. Rxd4 Rd8 20. Rh4 c5 21. Kc2 Rd4 22. Rxd4 cxd4 23. Kd3 Ng4 24. h4 Ne5+ 25. Kxd4 Nxc4 26. Kxc4 Kc7 27. Kd4 Kd6 28. b4 b5 29. a3 f5 30. Ke3 e5 31. g4 fxg4 32. Kf2 h5 0-1

[Event "RA Spring op"]
[Site "Ottawa CAN"]
[Date "2007.03.03"]
[Round "1"]
[White "Pacey, Kevin"]
[Black "Danilov, Alex"]
[Result "1/2-1/2"]
[WhiteElo "2248"]
[BlackElo "1920"]
[PlyCount "54"]
[GameId "2160767910718269"]
[EventDate "2007.03.03"]
[EventType "swiss"]
[EventRounds "5"]
[EventCountry "CAN"]

1. d4 Nf6 2. c4 e6 3. Nf3 b6 4. g3 Bb7 5. Bg2 Be7 6. Nc3 Ne4 7. Bd2 O-O 8. Rc1 c5 9. d5 Nd6 10. b3 Nf5 11. O-O d6 12. g4 Nd4 13. Ne1 exd5 14. Nxd5 Nbc6 15. e3 Ne6 16. f4 Nc7 17. Nd3 Nxd5 18. Bxd5 h6 19. Qf3 Qd7 20. Bc3 Nd8 21. f5 Bg5 22. Rce1 Nc6 23. Nf4 Bxf4 24. exf4 Rfe8 25. h3 Rxe1 26. Rxe1 Re8 27. Rxe8+ Qxe8 1/2-1/2

[Event "RA Spring op"]
[Site "Ottawa CAN"]
[Date "2007.03.03"]
[Round "2"]
[White "Lebrun, Roger"]
[Black "Pacey, Kevin"]
[Result "1-0"]
[WhiteElo "1947"]
[BlackElo "2248"]
[PlyCount "88"]
[GameId "2160767910718270"]
[EventDate "2007.03.03"]
[EventType "swiss"]
[EventRounds "5"]
[EventCountry "CAN"]

1. e4 d6 2. d4 Nf6 3. Bd3 Nc6 4. c3 e5 5. d5 Ne7 6. c4 Ng6 7. Ne2 Nh5 8. Nbc3 Be7 9. Be3 Bg5 10. Qd2 Nhf4 11. O-O-O Nxd3+ 12. Qxd3 O-O 13. Qd2 Bxe3 14. Qxe3 f5 15. f3 fxe4 16. Nxe4 Nh4 17. Rhg1 Bf5 18. N2g3 h6 19. Nxf5 Nxf5 20. Qe1 Nd4 21. Rd3 a6 22. Kb1 b5 23. Rc3 b4 24. Rc1 Qd7 25. Rf1 a5 26. Rf2 c5 27. dxc6 Qxc6 28. c5 b3 29. a3 Nc2 30. Qc3 d5 31. Qxb3 Nd4 32. Qa2 a4 33. Rc3 Rab8 34. Nd2 Kh8 35. b4 axb3 36. Nxb3 Nxb3 37. Rxb3 Qxc5 38. Rc2 Qg1+ 39. Kb2 Rfc8 40. h3 Rxc2+ 41. Kxc2 Qxg2+ 42. Kb1 Qf1+ 43. Kb2 Rc8 44. Qb1 d4 1-0

[Event "RA Summer Pickup #1"]
[Site "Ottawa CAN"]
[Date "2007.05.31"]
[Round "5"]
[White "Pacey, Kevin"]
[Black "Cliff, Scott"]
[Result "1-0"]
[WhiteElo "2250"]
[BlackElo "1997"]
[PlyCount "125"]
[GameId "2160767910684710"]
[EventDate "2007.05.03"]
[EventType "swiss"]
[EventRounds "6"]
[EventCountry "CAN"]

1. e4 c6 2. Nc3 d5 3. Qf3 dxe4 4. Nxe4 Nd7 5. d4 Ngf6 6. Bd3 Nxe4 7. Qxe4 Nf6 8. Qh4 Qd5 9. Nf3 Bg4 10. c4 Qh5 11. Qg3 Bxf3 12. gxf3 e6 13. Be3 Bb4+ 14. Ke2 O-O 15. Rhg1 Ne8 16. Qg4 Qxg4 17. fxg4 Be7 18. Rad1 Rd8 19. Bc2 Nd6 20. b3 a6 21. Bd2 Bf6 22. Ba5 Rd7 23. d5 exd5 24. cxd5 cxd5 25. Rxd5 Re7+ 26. Kf3 Re5 27. Rxe5 Bxe5 28. Bb4 Rc8 29. Bd3 Bxh2 30. Rh1 Be5 31. Bxh7+ Kf8 32. Re1 Bh2 33. Kg2 Bf4 34. Re4 g5 35. Rxf4 gxf4 36. Bxd6+ Kg7 37. Be4 Rd8 38. Bxf4 b5 39. g5 Rd1 40. Kf3 f6 41. gxf6+ Kxf6 42. Bb7 a5 43. Ke4 Re1+ 44. Be3 b4 45. Kd3 Ke6 46. Kc2 Re2+ 47. Kb1 Re1+ 48. Bc1 Rf1 49. f4 Kf5 50. Kc2 Rf2+ 51. Bd2 Rh2 52. Kd3 Rh3+ 53. Kd4 Rh2 54. Be4+ Kf6 55. Kd3 Rh3+ 56. Be3 Rh2 57. Bd4+ Ke7 58. f5 Rxa2 59. f6+ Ke6 60. Bd5+ Kxd5 61. f7 Rh2 62. f8=Q Rh3+ 63. Be3 1-0

[Event "RA Winter op"]
[Site "Ottawa CAN"]
[Date "2007.01.20"]
[Round "1"]
[White "Hardie, Mackenzie"]
[Black "Pacey, Kevin"]
[Result "0-1"]
[WhiteElo "1796"]
[BlackElo "2256"]
[PlyCount "66"]
[GameId "2160767910726794"]
[EventDate "2007.01.20"]
[EventType "swiss"]
[EventRounds "5"]
[EventCountry "CAN"]

1. e4 c6 2. d4 d5 3. Nc3 dxe4 4. Nxe4 Bf5 5. Ng3 Bg6 6. Nf3 Nd7 7. h4 h6 8. h5 Bh7 9. Bd3 Bxd3 10. Qxd3 e6 11. Bd2 Ngf6 12. O-O-O Qc7 13. c4 O-O-O 14. Kb1 Bd6 15. Ne4 Nxe4 16. Qxe4 Nf6 17. Qe2 c5 18. Bc3 cxd4 19. Nxd4 a6 20. Nb3 Qc6 21. f3 Bc7 22. Na5 Rxd1+ 23. Rxd1 Qc5 24. Nb3 Qxh5 25. Qe3 Rd8 26. Rxd8+ Kxd8 27. Qd4+ Kc8 28. Qa7 Qh1+ 29. Kc2 Qxg2+ 30. Nd2 Qg6+ 31. Kb3 Qd3 32. Qa8+ Bb8 33. a4 Ne8 0-1

[Event "RA Winter op"]
[Site "Ottawa CAN"]
[Date "2007.01.20"]
[Round "2"]
[White "Pacey, Kevin"]
[Black "Forget, David"]
[Result "1/2-1/2"]
[WhiteElo "2256"]
[BlackElo "1899"]
[PlyCount "62"]
[GameId "2160767910726795"]
[EventDate "2007.01.20"]
[EventType "swiss"]
[EventRounds "5"]
[EventCountry "CAN"]

1. e4 e6 2. d4 d5 3. Nc3 Bb4 4. e5 c5 5. a3 Bxc3+ 6. bxc3 Ne7 7. a4 Qa5 8. Bd2 Nbc6 9. Nf3 O-O 10. dxc5 Qc7 11. Bf4 Ng6 12. Bg3 Ncxe5 13. Nxe5 Nxe5 14. Qd4 f6 15. Bb5 Qf7 16. O-O a6 17. Be2 Nc6 18. Qe3 e5 19. f4 exf4 20. Bxf4 Re8 21. Qd2 Bf5 22. Bd3 Be4 23. Rab1 Ne5 24. Bxe5 Rxe5 25. Bxe4 dxe4 26. Qd6 Qe7 27. Rb6 Rd8 28. Qxe7 Rxe7 29. Rfb1 e3 30. Kf1 Rd2 31. Ke1 Rxc2 1/2-1/2

[Event "RA Winter op"]
[Site "Ottawa CAN"]
[Date "2007.01.20"]
[Round "3"]
[White "Pacey, Kevin"]
[Black "Sadeghi, Saeid"]
[Result "1/2-1/2"]
[WhiteElo "2256"]
[BlackElo "2047"]
[PlyCount "67"]
[GameId "2160767910726796"]
[EventDate "2007.01.20"]
[EventType "swiss"]
[EventRounds "5"]
[EventCountry "CAN"]

1. d4 d5 2. Nf3 Nf6 3. c4 c6 4. e3 a6 5. a4 Bg4 6. Qb3 Qc7 7. cxd5 cxd5 8. Nc3 e6 9. Ne5 Bf5 10. Bd2 Nbd7 11. Rc1 Qb8 12. f4 Be7 13. Nxd7 Nxd7 14. Be2 O-O 15. O-O Nf6 16. a5 Ne4 17. Nxe4 Bxe4 18. Bb4 Bxb4 19. Qxb4 Rc8 20. Rc5 Rxc5 21. Qxc5 Qc8 22. Rc1 Qxc5 23. Rxc5 Kf8 24. Rc7 Rb8 25. b4 Bg6 26. h4 h5 27. Kf2 Ke8 28. b5 axb5 29. Bxb5+ Kf8 30. Bd7 Bd3 31. f5 exf5 32. Rc8+ Rxc8 33. Bxc8 Ba6 34. Bxf5 1/2-1/2

[Event "RA Winter op"]
[Site "Ottawa CAN"]
[Date "2007.01.21"]
[Round "4"]
[White "Bertrand, Daryl"]
[Black "Pacey, Kevin"]
[Result "0-1"]
[WhiteElo "2031"]
[BlackElo "2256"]
[PlyCount "126"]
[GameId "2160767910726797"]
[EventDate "2007.01.20"]
[EventType "swiss"]
[EventRounds "5"]
[EventCountry "CAN"]

1. e4 c6 2. d4 d5 3. exd5 cxd5 4. c4 Nf6 5. Nc3 g6 6. cxd5 Nxd5 7. Qf3 Nf6 8. Bb5+ Nbd7 9. Nge2 Bg7 10. Bf4 O-O 11. Rd1 a6 12. Ba4 Nb6 13. Bb3 Qd7 14. h3 e6 15. Be5 Nfd5 16. Bxg7 Kxg7 17. Ne4 Qe7 18. Nc5 Bd7 19. Nxb7 Qb4+ 20. Nc3 Bc6 21. Nc5 Nxc3 22. Qxc3 Qxc3+ 23. bxc3 Bxg2 24. Rh2 Bd5 25. Bxd5 Nxd5 26. c4 Nb6 27. d5 Rfc8 28. Nb3 Rxc4 29. dxe6 Re4+ 30. Kf1 Rxe6 31. f3 Rc8 32. Re2 Kf6 33. Rxe6+ Kxe6 34. Rd2 Rc3 35. Kf2 Nd5 36. Nd4+ Ke5 37. Nc2 Nf4 38. Kg3 Rd3 39. Rf2 a5 40. Ne1 Rd1 41. Nc2 Rh1 42. Rh2 Nh5+ 43. Kg2 Rc1 44. Ne3 Kd4 45. Kf2 Rc3 46. Nd1 Rc2+ 47. Kg1 Rxh2 48. Kxh2 Kd3 49. Kg2 Nf4+ 50. Kg3 Nd5 51. Kg4 Ne3+ 52. Nxe3 Kxe3 53. f4 h6 54. f5 Ke4 55. fxg6 fxg6 56. a4 Ke5 57. Kf3 h5 58. h4 Kf5 59. Ke3 Kg4 60. Kd4 Kxh4 61. Kc5 g5 62. Kb5 g4 63. Kxa5 g3 0-1

[Event "RA Winter op"]
[Site "Ottawa CAN"]
[Date "2007.01.21"]
[Round "5"]
[White "Pacey, Kevin"]
[Black "Xiong, Jerry"]
[Result "0-1"]
[WhiteElo "2256"]
[BlackElo "2220"]
[PlyCount "124"]
[GameId "2160767910726798"]
[EventDate "2007.01.20"]
[EventType "swiss"]
[EventRounds "5"]
[EventCountry "CAN"]

1. d4 c5 2. d5 e6 3. c4 Nf6 4. Nc3 d6 5. e4 Be7 6. Nf3 O-O 7. h3 Re8 8. Bd3 Na6 9. O-O e5 10. a3 Bd7 11. Rb1 Qc8 12. Be3 h6 13. Nh2 Nh7 14. Nb5 Nc7 15. Nxc7 Qxc7 16. b4 b6 17. Qc2 Bg5 18. f4 Bxf4 19. Bxf4 exf4 20. Rxf4 Nf8 21. Rbf1 Re7 22. Qf2 Bc8 23. e5 dxe5 24. d6 Qxd6 25. Rxf7 Re8 26. Be4 Rb8 27. Rxf8+ Rxf8 28. Qxf8+ Qxf8 29. Bd5+ Be6 30. Bxe6+ Kh8 31. Rxf8+ Rxf8 32. Ng4 Re8 33. Bd5 h5 34. Nf2 Re7 35. Ne4 cxb4 36. axb4 g6 37. c5 bxc5 38. bxc5 Kg7 39. c6 Kf8 40. Nf6 Rc7 41. Be4 Kf7 42. Nd7 Ke6 43. Nc5+ Kd6 44. Na6 Rxc6 45. Bxc6 Kxc6 46. Kf2 Kb5 47. Nc7+ Kc6 48. Na6 Kb6 49. Nb4 Kc5 50. Na6+ Kd4 51. Ke2 Ke4 52. Nc5+ Kd4 53. Na6 h4 54. Nb8 Ke4 55. Nc6 a6 56. Kf2 Kf4 57. Na5 e4 58. Nc4 g5 59. Na5 e3+ 60. Kf1 Kg3 61. Nc4 e2+ 62. Kxe2 Kxg2 0-1

[Event "RACC ch"]
[Site "Ottawa CAN"]
[Date "2007.01.04"]
[Round "1"]
[White "Pacey, Kevin"]
[Black "Xiong, Wei"]
[Result "1-0"]
[WhiteElo "2256"]
[BlackElo "1682"]
[PlyCount "57"]
[GameId "2160767910739476"]
[EventDate "2007.01.04"]
[EventType "swiss"]
[EventRounds "7"]
[EventCountry "CAN"]

1. d4 d5 2. Nf3 Nc6 3. c4 Nf6 4. cxd5 Nxd5 5. e4 Ndb4 6. a3 Na6 7. h3 e6 8. Nc3 Be7 9. Be3 b6 10. Bb5 Nab8 11. d5 a6 12. Bxc6+ Nxc6 13. dxc6 O-O 14. Qxd8 Rxd8 15. Rd1 Rd6 16. Rxd6 Bxd6 17. Kd2 e5 18. Kc1 Be6 19. Rd1 Rf8 20. Bxb6 Bxa3 21. Bxc7 Bc5 22. Rd8 Bxf2 23. Nxe5 Rxd8 24. Bxd8 Bg3 25. Nd7 f6 26. Nc5 Bc8 27. Nd5 Bd6 28. Be7 Be5 29. Nb6 1-0

[Event "RACC ch"]
[Site "Ottawa CAN"]
[Date "2007.01.11"]
[Round "2"]
[White "Qin, Zi Yi (Joey)"]
[Black "Pacey, Kevin"]
[Result "1/2-1/2"]
[WhiteElo "2108"]
[BlackElo "2256"]
[PlyCount "67"]
[GameId "2160767910739477"]
[EventDate "2007.01.04"]
[EventType "swiss"]
[EventRounds "7"]
[EventCountry "CAN"]

1. e4 c6 2. d4 d5 3. exd5 cxd5 4. c4 Nf6 5. Nc3 g6 6. cxd5 Bg7 7. Nf3 O-O 8. Bd3 Nbd7 9. O-O Nb6 10. Bg5 Nbxd5 11. Qd2 Be6 12. a3 Rc8 13. h4 Nxc3 14. bxc3 Bc4 15. Rfe1 Bxd3 16. Qxd3 Qc7 17. Rac1 e6 18. c4 Rfe8 19. Qd2 b6 20. Bf4 Qb7 21. Qd3 Red8 22. Qb3 Nh5 23. Be3 Rc7 24. Red1 Nf6 25. a4 Qe4 26. Re1 Rdc8 27. Bg5 Qb7 28. Bf4 Rd7 29. Rcd1 Nh5 30. Be3 Qa6 31. Rc1 Rdc7 32. Nd2 Rd7 33. Nf3 Rdc7 34. Nd2 1/2-1/2